000 00405nam a2200121Ia 4500
008 150220s9999 xx 000 0 und d
020 _a0753403110
050 _aAE 5
_b.G894 1998
100 _aGrolier.
245 _aGrolier children's encyclopedia 8 :
_brhinoceros = Spacecraft
_cGrolier.
260 _aLondon :
_bKingfisher Publications Plc,
_c1998
300 _a47 pages :
_bColored, Illustration ;
_c28 cm.
999 _c283073
_d283073